000 00313nam a22001337a 4500
008 180201b xxu||||| |||| 00| 0 eng d
020 _a9781590091449
041 _aeng
080 _a37
100 _a46
101 _aedu
245 _aweaving technology in the your teaching
_cdavid.a.d
942 _2udc
_cBK
999 _c41446
_d41446